Riconosci lo Stato - Quiz n°42 - Statistics

Statistiche generali
  • Questo quiz è stato fatto 33 volte
  • Il punteggio medio è 12 su 13
Statistiche sulle risposte
Indizio Risposta % Corretto
Popolazione 6 647 003 ab.
100%
Superficie 77 474 km²
97%
Valuta Dinaro
97%
Indipendenza 13 giugno 1878 dall'Impero ottomano
93%
Iniziale della Capitale B
93%
Fuso Orario UTC +1
93%
Presidente della Repubblica Aleksandar Vučić
90%
PIL (nominale) 38 539 milioni di $
86%
Primo ministro Ana Brnabić
86%
ISU 0,776
83%
Forma di Governo Repubblica parlamentare
83%
Tasso di crescita -0,464%
79%
Risposta Serbia
79%
Nessun quiz corrispondente trovato
Distribuzione punteggi
Percentuale di utenti per punteggio
Percentile per numero di risposta
I tuoi punteggi nel tempo
Non hai fatto questo quiz